[Event "TUR-chT2"]
[Site "Konya"]
[Date "2017.07.09"]
[Round "1.9"]
[White "Buyukbozkoyun, Baran"]
[Black "Kelpetin, Umut Can"]
[Result "0-1"]
[WhiteElo "1625"]
[BlackElo "1790"]
[PlyCount "70"]
[EventDate "2017.07.09"]
[EventType "team-swiss"]
[EventRounds "9"]
[EventCountry "TUR"]
[SourceTitle "CBM 179 Extra"]
[Source "ChessBase"]
[SourceDate "2017.08.23"]
[SourceVersion "1"]
[SourceVersionDate "2017.08.23"]
[SourceQuality "1"]
[WhiteTeam "Canakkale 1915"]
[BlackTeam "Dobruca"]
[WhiteTeamCountry "TUR"]
[BlackTeamCountry "TUR"]

1. e4 c5 2. Nf3 a6 3. c3 d5 4. exd5 Qxd5 5. d4 g6 6. Be2 Bg7 7. 0-0 cxd4 8. cxd4 Nf6 9. Nc3 Qd8 10. Bg5 Nbd7 11. Qd2 0-0 12. Bh6 b5 13. Bxg7 Kxg7 14. a3 Bb7 15. Rfd1 Nb6 16. Ne5 Qd6 17. Rac1 Rac8 18. f3 Rfd8 19. Qf4 Nbd5 20. Nxd5 Rxc1 21. Rxc1 Bxd5 22. Qd2 Nd7 23. Nxd7 Rxd7 24. Qc3 Bb7 25. Rd1 Rc7 26. Qd2 Bd5 27. Rc1 Rxc1+ 28. Qxc1 Bc4 29. Bxc4 Qxd4+ 30. Kf1 Qxc4+ 31. Qxc4 bxc4 32. Ke2 Kf6 33. Kd2 Ke5 34. Kc3 Kd5 35. Kb4 e5 0-1

[Event "TUR-ch U20"]
[Site "Canakkale"]
[Date "2016.07.03"]
[Round "9"]
[White "Buyukbozkoyun, Baran"]
[Black "Onturk, Senan Utku"]
[Result "0-1"]
[WhiteElo "1528"]
[BlackElo "1796"]
[PlyCount "78"]
[EventDate "2016.06.27"]
[EventType "swiss"]
[EventRounds "9"]
[EventCountry "TUR"]
[SourceTitle "CBM 173 Extra"]
[Source "ChessBase"]
[SourceDate "2016.08.29"]
[SourceVersion "1"]
[SourceVersionDate "2016.08.29"]
[SourceQuality "1"]

1. e4 e5 2. Nf3 Nc6 3. Bb5 a6 4. Ba4 Nf6 5. d3 b5 6. Bb3 Be7 7. Nbd2 0-0 8. Nf1 d6 9. c3 Na5 10. Bc2 c5 11. Ng3 Qc7 12. 0-0 Bd7 13. Re1 Rfc8 14. h3 Nb7 15. Bg5 Nd8 16. Rc1 Ne6 17. Be3 g6 18. d4 c4 19. b3 a5 20. bxc4 bxc4 21. Rb1 exd4 22. Nxd4 Nc5 23. Qd2 Rab8 24. Bf4 Rxb1 25. Rxb1 Rb8 26. Qe2 Rxb1+ 27. Bxb1 Na4 28. Qd2 Qb7 29. Bc2 Qb2 30. Bxa4 Qxd2 31. Bxd2 Bxa4 32. Bg5 Kg7 33. Nf1 h6 34. Bxf6+ Bxf6 35. Ne3 Bxd4 36. cxd4 c3 37. Kf1 c2 38. Nxc2 Bxc2 39. f3 f5 0-1

[Event "TUR-ch U20"]
[Site "Canakkale"]
[Date "2016.07.01"]
[Round "7"]
[White "Buyukbozkoyun, Baran"]
[Black "Akin, Kadir"]
[Result "1-0"]
[WhiteElo "1528"]
[BlackElo "1789"]
[PlyCount "99"]
[EventDate "2016.06.27"]
[EventType "swiss"]
[EventRounds "9"]
[EventCountry "TUR"]
[SourceTitle "CBM 173 Extra"]
[Source "ChessBase"]
[SourceDate "2016.08.29"]
[SourceVersion "1"]
[SourceVersionDate "2016.08.29"]
[SourceQuality "1"]

1. e4 c5 2. Nf3 e6 3. c3 d5 4. exd5 Qxd5 5. d4 Nf6 6. Bd3 Nc6 7. 0-0 Be7 8. Be3 c4 9. Bc2 b5 10. b3 0-0 11. bxc4 bxc4 12. Qe2 Rb8 13. Bf4 Rb2 14. Bxh7+ Nxh7 15. Qxb2 g5 16. Bg3 f5 17. h3 f4 18. Bh2 Bd7 19. Qe2 Rf5 20. Nbd2 Na5 21. Ne5 Be8 22. Qf3 Qd8 23. Rfe1 Nf6 24. Ne4 Nd5 25. Ng4 Kg7 26. Nc5 Bxc5 27. dxc5 Qe7 28. Re5 Rxe5 29. Nxe5 Nf6 30. Qe2 Qxc5 31. Nf3 Nc6 32. Qd2 Ne4 33. Qe1 Bg6 34. Rd1 Kh6 35. Nd4 Ne7 36. h4 e5 37. hxg5+ Nxg5 38. Nf3 Nxf3+ 39. gxf3 Bd3 40. Kg2 Qd5 41. Bxf4+ exf4 42. Qxe7 Qg8+ 43. Kh2 Qg6 44. Qh4+ Qh5 45. Qxh5+ Kxh5 46. Rg1 Be2 47. Rg4 Bxf3 48. Rxf4 Be2 49. Rf7 a5 50. Ra7 1-0

[Event "TUR-ch U20"]
[Site "Canakkale"]
[Date "2016.06.30"]
[Round "6"]
[White "Salman, Ilhan Serhat"]
[Black "Buyukbozkoyun, Baran"]
[Result "0-1"]
[WhiteElo "1832"]
[BlackElo "1528"]
[PlyCount "94"]
[EventDate "2016.06.27"]
[EventType "swiss"]
[EventRounds "9"]
[EventCountry "TUR"]
[SourceTitle "CBM 173 Extra"]
[Source "ChessBase"]
[SourceDate "2016.08.29"]
[SourceVersion "1"]
[SourceVersionDate "2016.08.29"]
[SourceQuality "1"]

1. Nf3 f5 2. d4 Nf6 3. c4 e6 4. Nc3 d5 5. e3 c6 6. Bd2 Bd6 7. c5 Bc7 8. b4 b6 9. cxb6 axb6 10. Bd3 0-0 11. 0-0 Ne4 12. Ne1 Rf6 13. f4 Rh6 14. Nf3 Nd7 15. Qc2 Ndf6 16. Be2 Nxd2 17. Qxd2 Ne4 18. Qc2 Bd7 19. g3 Ra3 20. Nxe4 fxe4 21. Ne5 Bxe5 22. dxe5 Rxe3 23. a4 d4 24. Qd2 g5 25. Bc4 c5 26. bxc5 bxc5 27. a5 Rc3 28. Be2 Bc6 29. a6 e3 30. Qb2 d3 31. Rad1 Rc4 32. Rxd3 Rd4 33. Rxe3 Rd2 34. Qc3 Rxe2 35. Rxe2 Qd5 36. fxg5 Qh1+ 37. Kf2 Rxh2+ 38. Ke1 Rxe2+ 39. Kxe2 Bb5+ 40. Kd2 Qg2+ 41. Ke3 Qe2+ 42. Kf4 Qxf1+ 43. Ke3 Qe2+ 44. Kf4 Qf2+ 45. Kg4 Be2+ 46. Kh3 Bf1+ 47. Kg4 Qf5+ 0-1

[Event "TUR-ch U20"]
[Site "Canakkale"]
[Date "2016.06.29"]
[Round "4"]
[White "Buyukbozkoyun, Baran"]
[Black "Colak, Tugay"]
[Result "1-0"]
[WhiteElo "1528"]
[BlackElo "1609"]
[PlyCount "95"]
[EventDate "2016.06.27"]
[EventType "swiss"]
[EventRounds "9"]
[EventCountry "TUR"]
[SourceTitle "CBM 173 Extra"]
[Source "ChessBase"]
[SourceDate "2016.08.29"]
[SourceVersion "1"]
[SourceVersionDate "2016.08.29"]
[SourceQuality "1"]

1. e4 c5 2. Nf3 d6 3. Bb5+ Nd7 4. 0-0 a6 5. Bxd7+ Bxd7 6. c3 Nf6 7. Re1 e6 8. d4 cxd4 9. cxd4 Qc7 10. Nc3 Be7 11. Bg5 h6 12. Bh4 Rc8 13. Rc1 Qd8 14. Bg3 0-0 15. Qe2 Nh5 16. Nd2 Nxg3 17. hxg3 Bf6 18. Nb3 b5 19. e5 dxe5 20. dxe5 Bg5 21. Rcd1 Qc7 22. Ne4 Be7 23. Nd6 Bxd6 24. Rxd6 Bc6 25. Rc1 Qb7 26. Na5 Bf3 27. Rxc8 Qxc8 28. gxf3 Qc1+ 29. Kg2 Qa1 30. Rxa6 Qxa2 31. Qxb5 g5 32. Nc6 Qb1 33. Rb6 g4 34. Qe2 Kg7 35. fxg4 Ra8 36. Qf3 Rf8 37. Rb7 Qc2 38. Nd4 Qc4 39. Ne2 Qc5 40. b4 Qc2 41. b5 Kh7 42. Rxf7+ Rxf7 43. Qxf7+ Kh8 44. Qf6+ Kh7 45. Qf3 Qb2 46. Qe4+ Kg7 47. Nd4 Qa2 48. Qc6 1-0

[Event "TUR-ch U20"]
[Site "Canakkale"]
[Date "2016.06.27"]
[Round "1"]
[White "Kamer, Kayra"]
[Black "Buyukbozkoyun, Baran"]
[Result "1-0"]
[WhiteElo "1995"]
[BlackElo "1528"]
[PlyCount "85"]
[EventDate "2016.06.27"]
[EventType "swiss"]
[EventRounds "9"]
[EventCountry "TUR"]
[SourceTitle "CBM 173 Extra"]
[Source "ChessBase"]
[SourceDate "2016.08.29"]
[SourceVersion "1"]
[SourceVersionDate "2016.08.29"]
[SourceQuality "1"]

1. d4 e6 2. g3 f5 3. Bg2 d5 4. c4 Nf6 5. Nc3 c6 6. Bg5 Bd6 7. Nf3 Nbd7 8. Rc1 0-0 9. cxd5 exd5 10. 0-0 h6 11. Bxf6 Nxf6 12. e3 Ne4 13. Na4 Bd7 14. Nc5 Nxc5 15. dxc5 Bc7 16. b4 b6 17. cxb6 Bxb6 18. Ne5 Rc8 19. b5 Be6 20. Nxc6 Qd7 21. Bxd5 Bxd5 22. Qxd5+ Qxd5 23. Ne7+ Kf7 24. Nxd5 Ke6 25. Nf4+ Kf7 26. Kg2 Rfd8 27. Kf3 g5 28. Rxc8 Rxc8 29. Nd5 g4+ 30. Kg2 Rc2 31. Nxb6 axb6 32. Rd1 Ke6 33. a4 Rc4 34. Rd4 Rc5 35. h3 h5 36. hxg4 fxg4 37. Rd8 Rc4 38. Rb8 Rxa4 39. Rxb6+ Kf5 40. Rb8 Rb4 41. b6 Kg6 42. b7 Kg7 43. e4 1-0